00295nam a2200097Ia 4500008004100000082001700041100002200058245006300080260004400143300001000187210430s9999 xx 000 0 und d a628.5 P426 P aDonald L Macalady aPerspectives in environmental ChemistrycDonald L Macalady aNew YorkbOxford University Pressc1998 a512p.